000 00666nam a2200241Ia 4500
003 OSt
005 20221005045649.0
006 a|||||r|||| 00| 0
007 ta
008 221004b |||||||| |||| 00| 0 ben d
024 _a22681
037 _bGift, 08/10/2015,
_cTextual
040 _aCRL
_cCRL
_bben
041 _2ben
_aben
082 _aO157:g, P9
100 _aChakravarty Sumita
_9593870
245 0 _aSahityer ratnasandhan
260 _aKolkata
_bDey's Pub. India
_c2009
300 _a108p.
_ccm.
650 _aBENGALI LITERATURE
942 _hO157:g, P9
_cTEXL
_2cc
999 _c955465
_d955465